Pokémon - Les attaques de Goupelin - Statistiques

Statistiques générales
  • Ce quiz a été pris 30 fois
  • Le résultat moyen est 12 sur 21
Statistiques - réponses
Niveaux Types Noms des coups % Correct
Départ Niveau 5 Feu Flammèche
100%
Départ Normal Mimi-Queue
93%
Niveau 38 Psy Choc Psy
87%
Départ Évolution Feu Feu Ensorcelé
87%
Niveau 45 Feu Lance-Flammes
87%
Niveau 57 Psy Psyko
87%
Niveau 18 Psy Rafale Psy
87%
Niveau 74 Feu Déflagration
80%
Départ Normal Griffe
80%
Départ Spectre Ball'Ombre
73%
Niveau 22 Feu Danse Flamme
73%
Départ Niveau 80 Psy Prescience
60%
Niveau 14 Feu Nitrocharge
53%
Niveau 51 Feu Feu Follet
40%
Niveau 31 Psy Mur Lumière
40%
Niveau 62 Feu Zénith
40%
Niveau 68 Psy Zone Magique
20%
Départ Niveau 11 Normal Grondement
13%
Départ Psy Imitation
13%
Départ Ténèbres Passe-Passe
13%
Niveau 28 Normal Air Veinard
0%
Aucun quiz correspondant
Distribution des résultats
% des personnes avec chaque résultat
Percentile par nombre de réponses
Votre historique - résultats
Vous n’avez pas pris ce quiz